书目信息 |
| 题名: |
变容夜盗
|
|
| 作者: | 格拉夫顿 著 | |
| 分册: | ||
| 出版信息: | 北京 作家出版社 1998.02 |
|
| 页数: | 258页 | |
| 开本: | 32开 | |
| 丛书名: | ||
| 单 册: | ||
| 中图分类: | I712.45 | |
| 科图分类: | ||
| 主题词: | 文学 | |
| 电子资源: | ||
| ISBN: | 7-5063-1304-9 | |
| 000 | 00531nam0 2200193 45 | |
| 001 | 0004181026 | |
| 005 | 20000418105625.3 | |
| 010 | @a7-5063-1304-9@d13.00元 | |
| 100 | @a20000418d1998 km y0chiy0120 ea | |
| 101 | @achi | |
| 105 | @a z 000yy | |
| 200 | 1 | @a变容夜盗@ABian Rong Ye Dao@f(美)格拉夫顿著@F(Mei)Ge La Fu Dun Zhu |
| 210 | @a北京@c作家出版社@d1998.02 | |
| 215 | @a258页@d32开 | |
| 606 | 0 | @a文学 |
| 690 | @aI712.45@v3 | |
| 701 | @a格拉夫顿@4著 | |
| 801 | @aCN@bPftUser@c20000418 | |
| 905 | @f1@b53210@dI712.45@eG245 | |
| 变容夜盗/(美)格拉夫顿著.-北京:作家出版社,1998.02 |
| 258页;32开 |
| ISBN 7-5063-1304-9:13.00元 |
| ● |
| 相关链接 |
|
|
|
正题名:变容夜盗
索取号:I712.45/G245
 
预约/预借
| 序号 | 登录号 | 条形码 | 馆藏地/架位号 | 状态 | 备注 |
| 1 | 53210 | 200532101 | 文学库116/116文学库 26排1列3层/ [索取号:I712.45/G245] | 在馆 | |
| 2 | 56761 | 200567617 | 社科二线400B/400B社科库 28排4列2层/ [索取号:I712.45/G245] | 在馆 |